00738cam a22002058i 4500003000400000005001700004008004100021020003000062020003100092020002700123040002900150082001900179245009900198264005700297300003000354504004800384650004100432700003000473700002900503OSt20260701143325.0240613s2025 enk b 001 0 eng  a9781032130859q(hardback) a9781032130842q(paperback) z9781003227571q(ebook) aKABLIBbengerdacKABLIB00a618.2223bANA04aThe anatomy and physiology textbook for midwives /cJane Carpenter and Louise Hunter (Editors) 1aAbingdon, Oxon ;aNew York, NY :bRoutledge,cc2025. axi , 389p. :bill ,c25cm aIncludes bibliographical references, index.22aReproductive Physiological Phenomena1 aCarpenter, Jane,eeditor.1 aHunter, Louise,eeditor.